ABNORMAL PSYCHOLOGY (Record no. 15084)
[ view plain ]
| 000 -LEADER | |
|---|---|
| fixed length control field | 00277nam a22001337a 4500 |
| 003 - CONTROL NUMBER IDENTIFIER | |
| control field | SGT |
| 082 ## - DEWEY DECIMAL CLASSIFICATION NUMBER | |
| Classification number | 150 |
| Item number | A17S |
| 100 ## - MAIN ENTRY--PERSONAL NAME | |
| Personal name | SARASON, IRWIN G. |
| 245 ## - TITLE STATEMENT | |
| Title | ABNORMAL PSYCHOLOGY |
| 250 ## - EDITION STATEMENT | |
| Edition statement | 11TH |
| 260 ## - PUBLICATION, DISTRIBUTION, ETC. (IMPRINT) | |
| Place of publication, distribution, etc | INDIA |
| Name of publisher, distributor, etc | PERSON |
| Year of Publication | 2017 |
| 300 ## - PAGE DESCRIPTION | |
| No. of Pages | 695 |
| 942 ## - ADDED ENTRY ELEMENTS (KOHA) | |
| Source of classification or shelving scheme | Dewey Decimal Classification |
| Koha item type | Books |
| 942 ## - ADDED ENTRY ELEMENTS (KOHA) | |
| -- | 39 |
| Withdrawn status | Lost status | Source of classification or shelving scheme | Damaged status | Not for loan | Collection code | Home library | Current library | Shelving location | Date acquired | Vendor Name | Cost, normal purchase price | SGTU | Bill Number | Total Checkouts | Total Renewals | Full call number | Accession No. (Barcode) | Date last seen | Date last borrowed | Bill Date | Koha item type |
|---|---|---|---|---|---|---|---|---|---|---|---|---|---|---|---|---|---|---|---|---|---|
| Dewey Decimal Classification | MEDICAL | SGT Engineering Library | SGT Engineering Library | Text Book | 05/02/2018 | ABC | 599.00 | SGTU | 9089 | 33 | 1 | 150 A17S | FM10463 | 12/05/2026 | 05/05/2026 | 13/12/2017 | Books | ||||
| Dewey Decimal Classification | MEDICAL | SGT Engineering Library | SGT Engineering Library | Text Book | 05/02/2018 | ABC | 599.00 | SGTU | 9089 | 39 | 1 | 150 A17S | FM10464 | 20/04/2026 | 08/04/2026 | 13/12/2017 | Books | ||||
| Dewey Decimal Classification | MEDICAL | SGT Medical Library | SGT Medical Library | Text Book | 05/02/2018 | ABC | 599.00 | SGTU | 9089 | 9 | 150 A17S | FM10465 | 30/11/2019 | 13/11/2019 | 13/12/2017 | Books |